000 00726nam a22001817a 4500
005 20251108170533.0
008 250721s2000 xx 000 0 ara d
082 1 4 _a956.2/ندو
111 2 _aندوة الإنسحاب الإسرائيلي جنوب ( 2000 : عمان )
245 1 0 _aالإنسحاب الإسرائيلي من جنوب لبنان :
_bمرحلة تحول إستراتيجي في الصراع : وقائع ندوة علمية خاصة /
264 1 _aعمان :
_bمركز دراسات الأوسط،
_c2000.
300 _a116ص
650 1 7 _aتاريخ لبنان
650 1 7 _aالصراع الدولي
650 1 7 _aالسلام العربي الإسرائيلي
942 _2ddc
_cBK
999 _c42944
_d42944